Social cohesion and conflict prevention in Asia : (Record no. 9133)

MARC details
000 -LEADER
fixed length control field 01837cam a22003854a 4500
001 - CONTROL NUMBER
control field 12295155
003 - CONTROL NUMBER IDENTIFIER
control field OSt
005 - DATE AND TIME OF LATEST TRANSACTION
control field 20240710102032.0
008 - FIXED-LENGTH DATA ELEMENTS--GENERAL INFORMATION
fixed length control field 010131s2001 dcua b 100 0 eng
010 ## - LIBRARY OF CONGRESS CONTROL NUMBER
LC control number 2001017742
020 ## - INTERNATIONAL STANDARD BOOK NUMBER
International Standard Book Number 0821348744
040 ## - CATALOGING SOURCE
Transcribing agency must
042 ## - AUTHENTICATION CODE
Authentication code pcc
043 ## - GEOGRAPHIC AREA CODE
Geographic area code a------
050 00 - LIBRARY OF CONGRESS CALL NUMBER
Classification number HM1121
Item number .S628 2001
082 00 - DEWEY DECIMAL CLASSIFICATION NUMBER
Classification number 303.6 SOC 2001
Edition number 21
245 00 - TITLE STATEMENT
Title Social cohesion and conflict prevention in Asia :
Remainder of title managing diversity through development /
Statement of responsibility, etc. edited by Nat J. Colletta, Teck Ghee Lim, Anita Kelles-Viitanen.
260 ## - PUBLICATION, DISTRIBUTION, ETC. (IMPRINT)
Place of publication, distribution, etc. Washington, DC :
Name of publisher, distributor, etc. World Bank,
Date of publication, distribution, etc. c2001.
300 ## - PHYSICAL DESCRIPTION
Extent x, 493 p. :
Other physical details ill. ;
Dimensions 23 cm.
440 #0 - SERIES STATEMENT/ADDED ENTRY--TITLE
Title Conflict prevention and post-conflict reconstruction
9 (RLIN) 18590
500 ## - GENERAL NOTE
General note Papers presented during the Asian Regional Consultation on Social Cohesion and Conflict Management held on March 16-17, 2000 in Manila, and co-sponsored by the Asian Development Bank and the World Bank, with the support of the World Bank's Post Conflict Fund.
504 ## - BIBLIOGRAPHY, ETC. NOTE
Bibliography, etc Includes bibliographical references.
650 #0 - SUBJECT ADDED ENTRY--TOPICAL TERM
Topical term or geographic name as entry element Social conflict
Geographic subdivision Asia
Form subdivision Congresses.
9 (RLIN) 18591
650 #0 - SUBJECT ADDED ENTRY--TOPICAL TERM
Topical term or geographic name as entry element Conflict management
Geographic subdivision Asia
Form subdivision Congresses.
9 (RLIN) 18592
651 #0 - SUBJECT ADDED ENTRY--GEOGRAPHIC NAME
Geographic name Asia
General subdivision Economic policy
Form subdivision Congresses.
9 (RLIN) 18593
700 1# - ADDED ENTRY--PERSONAL NAME
Personal name Colletta, Nat J.
9 (RLIN) 18076
700 1# - ADDED ENTRY--PERSONAL NAME
Personal name Lim, Teck Ghee.
9 (RLIN) 18594
700 1# - ADDED ENTRY--PERSONAL NAME
Personal name Kelles-Viitanen, Anita,
Dates associated with a name 1947-
9 (RLIN) 18595
710 2# - ADDED ENTRY--CORPORATE NAME
Corporate name or jurisdiction name as entry element World Bank.
9 (RLIN) 955
710 2# - ADDED ENTRY--CORPORATE NAME
Corporate name or jurisdiction name as entry element Asian Development Bank.
Subordinate unit Social Development Division.
9 (RLIN) 18596
711 2# - ADDED ENTRY--MEETING NAME
Meeting name or jurisdiction name as entry element Asian Regional Consultation on Social Cohesion and Conflict Management
Date of meeting (2000 :
Location of meeting Manila, Philippines)
9 (RLIN) 18597
906 ## - LOCAL DATA ELEMENT F, LDF (RLIN)
a 7
b cbc
c orignew
d 1
e ocip
f 20
g y-gencatlg
942 ## - ADDED ENTRY ELEMENTS (KOHA)
Source of classification or shelving scheme Dewey Decimal Classification
Koha item type Open Shelf
Holdings
Withdrawn status Lost status Source of classification or shelving scheme Damaged status Not for loan Home library Current library Date acquired Source of acquisition Inventory number Total Checkouts Full call number Barcode Date last seen Price effective from Koha item type
    Dewey Decimal Classification     MUST Main Library MUST Main Library 10/07/2024 purchase 05/24086   303.6 SOC 2001 2024-21890 10/07/2024 10/07/2024 Open Shelf
    Dewey Decimal Classification     MUST Main Library MUST Main Library 24/07/2024 Purchase 2005/24088   303.6 SOC 2001 2024-22175 24/07/2024 24/07/2024 Open Shelf